Sports Quiz

Random Sports or Auto Racing Quiz
Score 0/27 Timer 06:00
0 Plays Today
% Correct
Spain
98.3%
United States
98.3%
Canada
98.1%
France
98.1%
Brazil
97.9%
Russia
97.7%
China
97.5%
Australia
97.2%
Germany
97.2%
Mexico
97.2%
United Kingdom
97.2%
Italy
97%
Japan
96.6%
India
94.3%
% Correct
Monaco
93%
Belgium
92.2%
Turkey
91.7%
South Korea
89.8%
Austria
87.9%
UAE
86.4%
Netherlands
86%
Singapore
83.9%
Malaysia
83.7%
Hungary
82.8%
Bahrain
80.9%
Azerbaijan
76.1%
Vietnam
62.9%
Remove Ads.
Support Sporcle.
Get the best of Sporcle when you Go Orange. This ad-free experience offers more features, more stats, and more fun while also helping to support Sporcle. Thank you for becoming a member.

You're not logged in!

Compare scores with friends on all Sporcle quizzes.
OR
Log In

Sporcle TV

Today on Sporcle TV


Watch our educational content, quiz creation guides, and fun videos on Sporcle TV.

Show Comments

Extras

Top Quizzes Today


Score Distribution

Paid Content

Your Account Isn't Verified!

In order to create a playlist on Sporcle, you need to verify the email address you used during registration. Go to your Sporcle Settings to finish the process.

Report this User

Report this user for behavior that violates our Community Guidelines.

Details: